Largest City, Capital or Both - Statistics

General Stats
  • This quiz has been taken 48 times
  • The average score is 20 of 20
Answer Stats
Cities L, C, or B % Correct
London B
100%
Algiers B
100%
Nairobi B
100%
Moscow B
100%
Canberra C
100%
Bern C
100%
Ankara C
100%
Abu Dhabi C
100%
Ho Chi Minh City L
100%
Lagos L
100%
New York L
100%
Buenos Aires B
98%
Honiara B
98%
Beijing C
98%
Dodoma C
98%
Toronto L
98%
Tel Aviv L
98%
Belize City L
98%
Colombo L
98%
Funafuti B
96%
No matching quizzes found
Score Distribution
Percent of People with Each Score
Percentile by Number Answered
Your Score History
You have not taken this quiz